00403 2200169 4500001002100000008004100021035002000062245003300082100002000115250000600135260003600141300001200177084001400189082000800203650001000211990001200221INLIS000000000000999 ind  a0010-0524000234 aA Cup Of TeacMianto Nugroho aNugroho, Mianto a1 aJakarta :bFire Publisherc2019 a140 hlm a800 MIA a a800 aFiksi a0743976